La ciudad, escenario de comunicación /
Kaydedildi:
| Yazar: | |
|---|---|
| Diğer Yazarlar: | |
| Materyal Türü: | Bilinmiyor |
| Baskı/Yayın Bilgisi: |
Quito:
Fundación Friedrich Ebert. Proyecto Latinoamericano de Medios de Comunicación. FLACSO. Sede Ecuador
|
| Etiketler: |
Etiketle
Etiket eklenmemiş, İlk siz ekleyin!
|
MARC
| LEADER | 00000 a2200000 04500 | ||
|---|---|---|---|
| 001 | 18375 | ||
| 003 | |||
| 008 | 991231s d | ||
| 040 | |||
| 090 | |a 142903 | ||
| 100 | |a Carrión M, Fernando | ||
| 245 | |a La ciudad, escenario de comunicación / |c Fernando Carrión M. | ||
| 260 | |a Quito: |b Fundación Friedrich Ebert. Proyecto Latinoamericano de Medios de Comunicación. FLACSO. Sede Ecuador | ||
| 300 | |a 241 p. | ||
| 700 | |a | ||
| 700 | |a Wollrad, Dörte | ||
| 700 | |a | ||
| 999 | |c 5123 |d 5123 | ||
